[Event "Ä11Ï"]
[Site "Loo"]
[Date "2017.04.22"]
[Round "3.6"]
[White "Íàãàåâà, Àëèÿ."]
[Black "Íîâèêîâà, Äàðüÿ."]
[Result "1-0"]
[WhiteElo "1269"]
[BlackElo "1117"]
[PlyCount "99"]
[EventDate "2017.04.20"]

1. c4 c5 2. Nc3 Nf6 3. g3 Nc6 4. Bg2 e6 5. e4 d6 6. Nge2 Be7 7. O-O O-O 8. d3
Bd7 9. f4 Rc8 10. h3 Ne8 11. Be3 Qb6 12. Rb1 f5 13. exf5 Rxf5 14. b4 Qc7 15. b5
Nd8 16. g4 Rf8 17. Ng3 Qa5 18. Bd2 Qc7 19. f5 Bh4 20. fxe6 Nxe6 21. Nd5 Qd8 22.
Nf5 Bf6 23. Nxf6+ Rxf6 24. Bxb7 Rb8 25. Bd5 N8c7 26. Bg2 Bc8 27. Bc3 Rf8 28.
Ne3 Bb7 29. Bxb7 Rxb7 30. Rxf8+ Qxf8 31. Qf1 Qd8 32. Qg2 Rb8 33. Rf1 Qg5 34.
Qg3 Rd8 35. Ba5 Nd4 36. Kh1 Qe7 37. Nd5 Qe2 38. Qf2 Qxf2 39. Rxf2 Nxd5 40. Bxd8
Nc3 41. Be7 h6 42. Bxd6 Nd1 43. Rf8+ Kh7 44. Bxc5 Ne6 45. Rc8 Nc3 46. Bxa7 Nxa2
47. b6 Nb4 48. b7 Na6 49. b8=Q Nxb8 50. Rxb8 1-0

[Event "Ä11Ï"]
[Site "Loo"]
[Date "2017.04.22"]
[Round "3.7"]
[White "Êèðäÿøêèíà, Åêàòåðèíà."]
[Black "Ìóòèíà, Ñîôèÿ."]
[Result "1/2-1/2"]
[WhiteElo "1198"]
[BlackElo "1255"]
[PlyCount "80"]
[EventDate "2017.04.20"]

1. e4 e6 2. d4 d5 3. exd5 exd5 4. c4 Nf6 5. Nf3 Bg4 6. Be3 Bb4+ 7. Nc3 Ne4 8.
Qb3 Bxc3+ 9. bxc3 b6 10. Be2 dxc4 11. Qxc4 O-O 12. O-O Be6 13. Qb4 Nc6 14. Qb2
Rb8 15. Rad1 Ne7 16. c4 c6 17. Qc2 f5 18. Bf4 Rc8 19. Rfe1 Ng6 20. Be5 Ng5 21.
Qb3 b5 22. d5 bxc4 23. Bxc4 Nxf3+ 24. Qxf3 cxd5 25. Bxd5 Bxd5 26. Qxd5+ Qxd5
27. Rxd5 Rfe8 28. g3 Re6 29. f4 Rce8 30. h4 h5 31. Kf2 Nxe5 32. Rdxe5 Kf7 33.
Kf3 Kf6 34. Rxe6+ Rxe6 35. Rc1 Ra6 36. Rc2 Ra3+ 37. Kf2 a5 38. Re2 a4 39. Kg2
g6 40. Kf2 Rc3 1/2-1/2

[Event "Ä11Ï"]
[Site "Loo"]
[Date "2017.04.22"]
[Round "3.8"]
[White "Ðèÿíîâà, Ðàëèíà."]
[Black "Ãîëèêîâà, Àëèñà."]
[Result "1-0"]
[WhiteElo "1165"]
[BlackElo "1233"]
[PlyCount "45"]
[EventDate "2017.04.20"]

1. e4 e6 2. d4 d5 3. Nc3 Nf6 4. e5 Nfd7 5. f4 c5 6. Nf3 Nc6 7. Be3 cxd4 8. Nxd4
Bc5 9. Be2 O-O 10. O-O Nxd4 11. Bxd4 Qb6 12. Bxc5 Nxc5 13. Kh1 Qxb2 14. Rf3 Qb6
15. Rh3 Bd7 16. Bd3 Nxd3 17. cxd3 Rac8 18. Qh5 h6 19. Ne2 Qb2 20. Rf1 Bb5 21.
Rg3 Rc2 22. Qxh6 g6 23. Rh3 1-0

[Event "Ä11Ï"]
[Site "Loo"]
[Date "2017.04.22"]
[Round "3.9"]
[White "Êîðîáèöûíà, Äàðüÿ."]
[Black "Áàê÷åíêî, Àíàñòàñèÿ."]
[Result "1-0"]
[WhiteElo "1143"]
[BlackElo "1221"]
[PlyCount "73"]
[EventDate "2017.04.20"]

1. d4 d5 2. Nf3 c6 3. e3 Bf5 4. c4 e6 5. Nc3 Nf6 6. Be2 Bd6 7. O-O Nbd7 8. Bd2
O-O 9. c5 Bc7 10. b4 b6 11. Ba6 bxc5 12. dxc5 Rb8 13. a3 Qe7 14. Nd4 Ng4 15.
Nxc6 Qh4 16. h3 Nh2 17. Nxb8 Nxb8 18. Re1 Nxa6 19. Qa4 Bd3 20. Nb5 Bxb5 21.
Qxb5 Nb8 22. Qb7 Be5 23. Qxa7 Bxa1 24. Rxa1 Qg5 25. Bc3 Nf3+ 26. Kf1 Qf5 27.
gxf3 Qd3+ 28. Kg2 Qxc3 29. Rf1 Qc4 30. Qb6 Rc8 31. b5 Qxc5 32. Qxc5 Rxc5 33. a4
Nd7 34. Rb1 Rc7 35. b6 Rb7 36. a5 Nb8 37. Rc1 1-0

[Event "Ä11Ï"]
[Site "Loo"]
[Date "2017.04.22"]
[Round "3.12"]
[White "Õóñíååâà, Àëèíà."]
[Black "Çàãðåáèíà, Ìàðèíà."]
[Result "0-1"]
[WhiteElo "1238"]
[BlackElo "1214"]
[PlyCount "74"]
[EventDate "2017.04.20"]

1. e4 c6 2. Nc3 d5 3. Nf3 Bg4 4. exd5 cxd5 5. h3 Bf5 6. d4 Nf6 7. Be3 Nc6 8.
Bd3 Bg6 9. Qd2 e6 10. g4 Be7 11. Rg1 Ne4 12. Qe2 Bb4 13. Bd2 Nxd2 14. Qxd2 Qf6
15. Be2 Be4 16. g5 Qe7 17. O-O-O Rc8 18. h4 Qc7 19. Rg3 Bd6 20. Nb5 Qb8 21.
Nxd6+ Qxd6 22. Bb5 Ke7 23. Bxc6 Qxc6 24. c3 Qa6 25. a3 b5 26. Qe2 Qa5 27. Nd2
Bf5 28. Nb3 Qb6 29. Rd2 b4 30. axb4 Qxb4 31. Nc5 Qa5 32. Nd3 Qa1+ 33. Kc2 Rb8
34. b3 Rhc8 35. Rd1 Qxc3+ 36. Kb1 Rxb3+ 37. Ka2 Qb2+ 0-1

[Event "Ä11Ï"]
[Site "Loo"]
[Date "2017.04.22"]
[Round "3.13"]
[White "Ñìèðíîâà, Àë¸íà."]
[Black "Íîâîñåëîâà, Ñâåòëàíà."]
[Result "1-0"]
[WhiteElo "1187"]
[BlackElo "1229"]
[PlyCount "99"]
[EventDate "2017.04.20"]

1. e4 c5 2. Nc3 Nc6 3. d3 g6 4. g3 Bg7 5. Bg2 Nf6 6. f4 O-O 7. Nf3 e6 8. O-O d5
9. Qe1 d4 10. Nd1 Qc7 11. h3 Re8 12. Kh2 h5 13. Qf2 Rd8 14. Nh4 Nh7 15. e5 b5
16. Bxc6 Qxc6 17. Qf3 Qxf3 18. Nxf3 Bb7 19. b3 f6 20. exf6 Bxf6 21. Ne5 Kg7 22.
Bd2 Nf8 23. Nf2 Nd7 24. Rae1 Nxe5 25. fxe5 Be7 26. Ne4 Bxe4 27. Rxe4 Rf8 28.
Ref4 g5 29. Rxf8 Rxf8 30. Rxf8 Kxf8 31. Kg2 Kg7 32. Kf3 Kg6 33. g4 h4 34. c3
dxc3 35. Bxc3 b4 36. Bb2 Kf7 37. Ke4 Ke8 38. d4 cxd4 39. Kxd4 Kd7 40. Ba1 Kc6
41. Kc4 a5 42. Bd4 Bf8 43. Ba7 Kb7 44. Be3 Be7 45. Kb5 Bd8 46. Bc5 Bc7 47. Bd4
Bd8 48. Be3 Be7 49. Bb6 a4 50. bxa4 1-0

[Event "Ä11Ï"]
[Site "Loo"]
[Date "2017.04.22"]
[Round "3.14"]
[White "Ëåêî, Îëüãà."]
[Black "Ðàñïàåâà, Äàðüÿ."]
[Result "1-0"]
[WhiteElo "1229"]
[BlackElo "1157"]
[PlyCount "101"]
[EventDate "2017.04.20"]

1. d4 d5 2. Nf3 Nf6 3. c4 e6 4. Nc3 Nc6 5. Bg5 Be7 6. e3 O-O 7. cxd5 exd5 8.
Bd3 Be6 9. O-O Qd7 10. Qc2 g6 11. Na4 Nb4 12. Ne5 Qe8 13. Qb3 Nxd3 14. Nxd3 Kh8
15. Nac5 Ne4 16. Bxe7 Qxe7 17. Qxb7 Rfb8 18. Qc6 Rd8 19. Nxe6 fxe6 20. Rac1
Rdc8 21. Nf4 Ng5 22. h4 Nf7 23. Qxe6 Qf8 24. Nxd5 c6 25. Ne7 Re8 26. Qf6+ Qg7
27. Qxg7+ Kxg7 28. Nxc6 Re4 29. g3 a6 30. Rc5 Rae8 31. Ra5 Ra8 32. Ne5 Nxe5 33.
Rxe5 Rxe5 34. dxe5 Rd8 35. f4 Rd2 36. Rf2 Rd1+ 37. Kg2 h5 38. f5 gxf5 39. Rxf5
Rd2+ 40. Rf2 Rd5 41. e6 Rd8 42. Rf7+ Kh6 43. Rd7 Re8 44. e7 a5 45. Rd6+ Kg7 46.
Re6 Kf7 47. Re4 a4 48. Rf4+ Kxe7 49. Re4+ Kd7 50. Rxe8 Kxe8 51. Kf3 1-0

[Event "Ä11Ï"]
[Site "Loo"]
[Date "2017.04.22"]
[Round "3.16"]
[White "Çèìîâà, Åêàòåðèíà."]
[Black "Ãàëèìîâà, Åâà."]
[Result "1-0"]
[WhiteElo "1376"]
[BlackElo "1108"]
[PlyCount "161"]
[EventDate "2017.04.20"]

1. e4 b6 2. d4 Bb7 3. Nc3 e6 4. Nf3 Bb4 5. Bd3 Nf6 6. Bg5 h6 7. Bxf6 Qxf6 8.
O-O Bxc3 9. bxc3 d5 10. e5 Qe7 11. Qe2 Nd7 12. Rfe1 c5 13. Qe3 O-O 14. a4 Rae8
15. Rab1 f5 16. exf6 Qxf6 17. a5 c4 18. Bf1 Bc6 19. axb6 axb6 20. Ne5 Ba4 21.
Nxd7 Bxd7 22. Rxb6 Qe7 23. Rb7 Rf6 24. f3 Qf7 25. Qe5 Rd8 26. Qc7 Qe8 27. Reb1
Kh7 28. Rb8 Rxb8 29. Rxb8 Qf7 30. Rb7 Be8 31. Qc8 Qg6 32. Rb8 Rf8 33. h3 Rg8
34. Rb2 Ba4 35. Qa6 Bxc2 36. Rb6 Bf5 37. g4 Rf8 38. Kf2 Be4 39. Be2 Bd3 40.
Rxe6 Qf7 41. Re3 Bxe2 42. Kxe2 Re8 43. Rxe8 Qxe8+ 44. Kf2 Qb8 45. Qa5 Qb2+ 46.
Kg3 Qb8+ 47. f4 g5 48. Qxd5 Qxf4+ 49. Kg2 Qd2+ 50. Kg1 Qe3+ 51. Kh2 Qf2+ 52.
Qg2 Qf4+ 53. Kg1 Qe3+ 54. Qf2 Qc1+ 55. Kg2 Kg6 56. Qf3 Qd2+ 57. Kf1 Qc1+ 58.
Ke2 Qc2+ 59. Ke3 Qxc3+ 60. Ke4 Qxf3+ 61. Kxf3 h5 62. Ke3 hxg4 63. hxg4 Kf6 64.
Ke4 Ke6 65. d5+ Kd7 66. Kd4 c3 67. Kxc3 Kc7 68. Kd4 Kd7 69. Ke5 Ke7 70. d6+ Kd7
71. Kf6 Kxd6 72. Kxg5 Ke7 73. Kh6 Kf7 74. Kh5 Kg7 75. Kg5 Kf7 76. Kh6 Kf6 77.
g5+ Kf7 78. Kh7 Ke7 79. g6 Kd6 80. g7 Kc5 81. g8=Q 1-0

[Event "Ä11Ï"]
[Site "Loo"]
[Date "2017.04.22"]
[Round "3.17"]
[White "×èñòÿêîâà, Âåðîíèêà."]
[Black "Êîðíåâà, Ïîëèíà."]
[Result "1-0"]
[WhiteElo "1116"]
[BlackElo "1270"]
[PlyCount "81"]
[EventDate "2017.04.20"]

1. d4 f5 2. Nf3 g6 3. c4 Bg7 4. e3 Nf6 5. Nc3 O-O 6. Bd3 d6 7. O-O Nc6 8. h3
Bd7 9. b3 Kh8 10. Bb2 Rg8 11. e4 fxe4 12. Nxe4 Nxe4 13. Bxe4 e6 14. Rb1 Qe7 15.
d5 Bxb2 16. dxc6 bxc6 17. Rxb2 d5 18. cxd5 cxd5 19. Bc2 c5 20. Rb1 d4 21. Re1
Rad8 22. b4 Bc8 23. bxc5 Qxc5 24. Ne5 Rgf8 25. Nf3 Qd6 26. Qd2 Qc7 27. Bb3 Rfe8
28. Qb2 e5 29. Rbc1 Qg7 30. Qd2 e4 31. Nh2 e3 32. fxe3 dxe3 33. Rxe3 h6 34.
Rxe8+ Rxe8 35. Qc3 Qxc3 36. Rxc3 Bf5 37. Kf2 Re7 38. Re3 Rxe3 39. Kxe3 Kg7 40.
Nf3 Kf6 41. g4 1-0

[Event "Ä11Ï"]
[Site "Loo"]
[Date "2017.04.22"]
[Round "3.18"]
[White "Äîðîôååâà, Àííà."]
[Black "Êîçëîâà, Àíàñòàñèÿ."]
[Result "1/2-1/2"]
[WhiteElo "1009"]
[BlackElo "1264"]
[PlyCount "86"]
[EventDate "2017.04.20"]

1. e4 e5 2. Nf3 Nc6 3. Bc4 Bc5 4. c3 d6 5. d4 exd4 6. O-O dxc3 7. Nxc3 Bg4 8.
Be3 Nf6 9. h3 Bh5 10. g4 Bg6 11. e5 Bxe3 12. exf6 Bc5 13. fxg7 Rg8 14. Bb5 Rxg7
15. Re1+ Kf8 16. Qd5 Ne7 17. Qxb7 Rb8 18. Qa6 Rb6 19. Qa4 c6 20. b4 cxb5 21.
Qb3 Bxf2+ 22. Kxf2 Qc7 23. Rxe7 Qxe7 24. Nd5 Qe6 25. Nxb6 axb6 26. Qxe6 fxe6
27. Nd4 Rf7+ 28. Ke3 e5 29. Nxb5 d5 30. Re1 d4+ 31. Kd2 Rf2+ 32. Kd1 Bc2+ 33.
Kc1 Bd3 34. Rxe5 Rc2+ 35. Kd1 Rxa2 36. Nxd4 Rh2 37. Re6 Rxh3 38. Rxb6 Rh4 39.
Rd6 Rxg4 40. Ne6+ Ke7 41. Rxd3 Kxe6 42. Rh3 Rxb4 43. Rxh7 Rd4+ 1/2-1/2

[Event "Ä11Ï"]
[Site "Loo"]
[Date "2017.04.22"]
[Round "3.19"]
[White "ßêèìîâà, Çëàòà."]
[Black "Ïóòèíöåâà, Ìàðèíà."]
[Result "1-0"]
[WhiteElo "1259"]
[BlackElo "1087"]
[PlyCount "119"]
[EventDate "2017.04.20"]

1. d4 Nf6 2. c4 e5 3. dxe5 Ng4 4. Bf4 Nc6 5. Nf3 Bb4+ 6. Nbd2 Qe7 7. e3 Ngxe5
8. Nxe5 Nxe5 9. Be2 d6 10. O-O O-O 11. Nb3 Be6 12. Rc1 Rad8 13. a3 Bc5 14. Qe1
f6 15. Qc3 b6 16. Nd4 Bxd4 17. exd4 Ng6 18. Bd2 d5 19. cxd5 Bxd5 20. Rfe1 c5
21. dxc5 Qxc5 22. Qxc5 bxc5 23. Rxc5 Rd6 24. Bb4 Rfd8 25. Rc7 R6d7 26. Rxd7
Rxd7 27. Bg4 Rc7 28. Re8+ Kf7 29. Re1 Ne5 30. Be2 Bc4 31. Bxc4+ Rxc4 32. b3 Rc2
33. Rb1 Nd3 34. f3 Rc1+ 35. Rxc1 Nxc1 36. Bc5 Nxb3 37. Bxa7 Ke6 38. Kf2 Kd5 39.
Ke3 Nc5 40. Kd2 Kc4 41. Bxc5 Kxc5 42. Kc3 Kb5 43. Kb3 f5 44. f4 h6 45. Kc3 Ka4
46. Kd4 Kxa3 47. Ke5 Kb3 48. Kxf5 Kc4 49. Kg6 Kd5 50. f5 Ke5 51. g4 h5 52. gxh5
Kf4 53. Kxg7 Kg5 54. f6 Kxh5 55. f7 Kh4 56. f8=Q Kh3 57. Qf3+ Kh4 58. Qg3+ Kh5
59. Kf6 Kh6 60. Qg6# 1-0

[Event "Ä11Ï"]
[Site "Loo"]
[Date "2017.04.22"]
[Round "3.20"]
[White "Ðîìàíåíêîâà, Åêàòåðèíà."]
[Black "Ìèõàéëîâà, Åêàòåðèíà."]
[Result "0-1"]
[WhiteElo "1233"]
[BlackElo "1053"]
[PlyCount "66"]
[EventDate "2017.04.20"]

1. e4 e6 2. d4 d5 3. Nd2 c5 4. c4 cxd4 5. cxd5 exd5 6. Qa4+ Nc6 7. Bb5 Nge7 8.
Nb3 Bd7 9. Nc5 Rb8 10. Bf4 a6 11. Bxb8 axb5 12. Qa8 Nxb8 13. Nxb7 Qc7 14. Nf3
dxe4 15. Nxd4 Bc6 16. Nxc6 Nexc6 17. Rc1 Bb4+ 18. Ke2 O-O 19. a3 Be7 20. Na5
Rc8 21. Rc2 Nd4+ 22. Kf1 Qxc2 23. g3 Qd1+ 24. Kg2 Qf3+ 25. Kh3 Qxh1 26. Qb7
Qf1+ 27. Kg4 f5+ 28. Kf4 Qxf2+ 29. Ke5 Bf6+ 30. Kd6 Rd8+ 31. Kc5 Ne6+ 32. Kxb5
Qxb2+ 33. Kc4 Rd4# 0-1

[Event "Ä11Ï"]
[Site "Loo"]
[Date "2017.04.22"]
[Round "3.21"]
[White "Äàðìàåâà, Íîìèíà."]
[Black "Êóëüêîâà, Äèíà."]
[Result "0-1"]
[WhiteElo "1047"]
[BlackElo "1232"]
[PlyCount "72"]
[EventDate "2017.04.20"]

1. e4 e5 2. Nf3 Nc6 3. Bc4 Nf6 4. d3 Bc5 5. Nc3 d6 6. h3 h6 7. Be3 Bb6 8. Qd2
Be6 9. Bb5 O-O 10. g4 Nd7 11. Bxc6 bxc6 12. O-O-O a5 13. Rhg1 f6 14. h4 Qe8 15.
Rg3 d5 16. g5 fxg5 17. hxg5 h5 18. d4 c5 19. dxe5 d4 20. Ne2 dxe3 21. Qxe3 c4
22. Nfd4 Nxe5 23. f4 Bg4 24. Qc3 Nf7 25. Qxc4 Qxe4 26. Re1 Bxe2 27. Rxe2 Qxd4
28. Qxd4 Bxd4 29. f5 Nd6 30. f6 gxf6 31. gxf6+ Kf7 32. Rg7+ Kxf6 33. Rxc7 Rae8
34. Rxe8 Rxe8 35. c3 Be3+ 36. Kc2 h4 0-1

[Event "Ä11Ï"]
[Site "Loo"]
[Date "2017.04.22"]
[Round "3.22"]
[White "Ãëóøêîâà, Ìèëàíà."]
[Black "Ãîí÷àðîâà, Ñîôèÿ."]
[Result "1-0"]
[WhiteElo "1231"]
[BlackElo "1034"]
[PlyCount "79"]
[EventDate "2017.04.20"]

1. e4 e5 2. Nf3 f5 3. Nc3 d6 4. Be2 Nf6 5. exf5 Bxf5 6. O-O e4 7. Nd4 Bd7 8. h3
c5 9. Nb3 a6 10. a4 Be7 11. Bc4 Bc6 12. Be6 d5 13. d4 exd3 14. cxd3 Qd6 15. Bf5
d4 16. Ne2 Qe5 17. Ng3 Qd5 18. Be4 Nxe4 19. Nxe4 O-O 20. Nbd2 Bd6 21. Nc4 Bc7
22. Qg4 Bd7 23. Qe2 Bc6 24. Qg4 Bd7 25. Qg5 Qxg5 26. Bxg5 Bxa4 27. Nxc5 Rf5 28.
Ne6 Be5 29. Nb6 Ra7 30. Rxa4 Kf7 31. Nd8+ Ke8 32. Ne6 Kf7 33. Nd8+ Ke8 34. f4
Bc7 35. Ne6 Bxb6 36. Nxg7+ Kf7 37. Nxf5 Nc6 38. Nd6+ Ke6 39. Nc8 Ra8 40. Nxb6
1-0

[Event "Ä11Ï"]
[Site "Loo"]
[Date "2017.04.22"]
[Round "3.23"]
[White "Êóäðÿâöåâà, Ìàðèÿ."]
[Black "Êó÷èíà, Àëåêñàíäðà."]
[Result "1-0"]
[WhiteElo "1216"]
[BlackElo "1004"]
[PlyCount "41"]
[EventDate "2017.04.20"]

1. d4 d5 2. Nf3 e6 3. e3 Nf6 4. Bd3 Be7 5. O-O O-O 6. b3 c5 7. Bb2 b6 8. c4 Bb7
9. Nbd2 Na6 10. a3 Nc7 11. Ne5 h6 12. f4 Re8 13. Rc1 Nd7 14. Qh5 Nxe5 15. fxe5
Rf8 16. Rf3 f6 17. Rg3 Qe8 18. Qxh6 Qg6 19. Bxg6 Rf7 20. Qh7+ Kf8 21. Qh8# 1-0

[Event "Ä15Ï"]
[Site "Loo"]
[Date "2017.04.22"]
[Round "3.1"]
[White "Êîðîáèöûíà, Îëåñÿ."]
[Black "Ñëåñàðåâà, Ìèðàñëàâà."]
[Result "1/2-1/2"]
[WhiteElo "1769"]
[BlackElo "1725"]
[PlyCount "140"]
[EventDate "2017.04.20"]

1. d4 d5 2. Nf3 Nf6 3. c4 c6 4. Nc3 g6 5. e3 Bg7 6. Bd3 O-O 7. O-O Nbd7 8. b4
Re8 9. Bb2 Nf8 10. Qb3 Be6 11. c5 Qc8 12. Ng5 h6 13. Nxe6 Qxe6 14. a4 Qd7 15.
b5 e5 16. bxc6 bxc6 17. dxe5 Ng4 18. f4 Nxe3 19. Rf3 Nf5 20. Ne2 h5 21. Qc2 Nh6
22. Nd4 Ne6 23. Raf1 Nxd4 24. Bxd4 Ng4 25. h3 Nh6 26. f5 Bxe5 27. Bxe5 Rxe5 28.
fxg6 f5 29. Bxf5 Nxf5 30. Rxf5 Rxf5 31. Rxf5 Rf8 32. Rxh5 Qe7 33. Qd2 Qf6 34.
Qe2 Qa1+ 35. Kh2 Qf6 36. Re5 Qf4+ 37. g3 Qf2+ 38. Qxf2 Rxf2+ 39. Kg1 Rf6 40.
Re8+ Kg7 41. Re7+ Kxg6 42. Rxa7 Rf3 43. Kg2 Rc3 44. Rc7 Rxc5 45. a5 Rxa5 46.
Rxc6+ Kf5 47. g4+ Kg5 48. Rc3 Kf4 49. Rf3+ Ke4 50. g5 d4 51. h4 d3 52. Rf8 d2
53. Rf1 Rd5 54. Rd1 Kf4 55. Kf2 Kg4 56. g6 Rd8 57. Ke3 Re8+ 58. Kxd2 Kxh4 59.
g7 Rg8 60. Rg1 Kh5 61. Ke3 Kh6 62. Kf4 Rxg7 63. Rh1+ Kg6 64. Rg1+ Kf6 65. Ra1
Rb7 66. Ra6+ Kf7 67. Kf5 Rb5+ 68. Ke4 Rh5 69. Kf4 Ke7 70. Kg4 Rb5 1/2-1/2

[Event "Ä15Ï"]
[Site "Loo"]
[Date "2017.04.22"]
[Round "3.2"]
[White "Ãóðîâà, Íàòàëèÿ."]
[Black "Ñòðóêîâà, Êñåíèÿ."]
[Result "0-1"]
[WhiteElo "1644"]
[BlackElo "1762"]
[PlyCount "94"]
[EventDate "2017.04.20"]

1. d4 Nf6 2. Nf3 g6 3. Nbd2 Bg7 4. e4 d6 5. Bd3 Nbd7 6. c3 c6 7. O-O O-O 8. Bc2
Qc7 9. Nc4 b5 10. Ne3 e5 11. dxe5 dxe5 12. a4 Nc5 13. axb5 cxb5 14. Nd5 Nxd5
15. exd5 Rd8 16. Be3 Bb7 17. Qe2 Bxd5 18. Qxb5 Ne6 19. Qa5 Qb7 20. Rad1 Bxf3
21. Rxd8+ Rxd8 22. gxf3 Qxf3 23. Qxa7 Qg4+ 24. Kh1 Qh3 25. Re1 Qf3+ 26. Kg1
Qg4+ 27. Kh1 Nf4 28. Bxf4 exf4 29. Bb3 Rf8 30. Re8 Qf5 31. Rxf8+ Bxf8 32. Qb7
f3 33. Ba2 Qf4 34. h3 Bd6 35. Bxf7+ Qxf7 36. Qxf7+ Kxf7 37. Kg1 Kf6 38. b4 Ke6
39. Kf1 Kd5 40. Ke1 Kc4 41. Kd2 Bf4+ 42. Kc2 Bb8 43. b5 Ba7 44. Kd2 Bxf2 45. h4
Bb6 46. Ke1 f2+ 47. Ke2 Kxc3 0-1

[Event "Ä15Ï"]
[Site "Loo"]
[Date "2017.04.22"]
[Round "3.3"]
[White "ßêóøèíà, Åêàòåðèíà."]
[Black "Ãðóíèíà, Ìàðãàðèòà."]
[Result "0-1"]
[WhiteElo "1744"]
[BlackElo "1678"]
[PlyCount "110"]
[EventDate "2017.04.20"]

1. Nf3 d5 2. d4 c6 3. c4 e6 4. g3 dxc4 5. Bg2 b5 6. O-O Bb7 7. Ne5 Nf6 8. b3
cxb3 9. axb3 Be7 10. Nc3 a6 11. Bb2 O-O 12. Qd2 Qc7 13. Rfc1 Nbd7 14. Nxd7 Qxd7
15. Ne4 Rfd8 16. Nc5 Bxc5 17. Rxc5 Qd6 18. Rac1 Rac8 19. Qa5 Nd7 20. R5c2 Re8
21. e3 e5 22. Ba3 Qf6 23. d5 cxd5 24. Rxc8 Bxc8 25. Bxd5 Qb6 26. Qd2 Nf6 27.
Qc3 Bh3 28. Bc6 Rc8 29. Qc5 Qxc5 30. Rxc5 Rd8 31. Rc1 Rd3 32. Bg2 Be6 33. Rc6
Rd1+ 34. Bf1 Bh3 35. Rc1 Rxf1+ 36. Rxf1 Bxf1 37. Kxf1 Ne4 38. Ke2 f6 39. f3
Nc3+ 40. Kd3 Nd5 41. e4 Nb6 42. Bb4 Kf7 43. Kc3 Ke6 44. Bf8 g6 45. Kb4 Nd7 46.
Bc5 f5 47. exf5+ gxf5 48. Bg1 Kd5 49. Ka5 Nb8 50. Kb6 e4 51. Kb7 a5 52. g4 exf3
53. Kxb8 fxg4 54. Be3 a4 55. bxa4 bxa4 0-1

[Event "Ä15Ï"]
[Site "Loo"]
[Date "2017.04.22"]
[Round "3.4"]
[White "Øàìñóòäèíîâà, Êàðèíà."]
[Black "Íèêîëàåâà, Êñåíèÿ."]
[Result "1/2-1/2"]
[WhiteElo "1617"]
[BlackElo "1743"]
[PlyCount "111"]
[EventDate "2017.04.20"]

1. d4 d5 2. c4 c6 3. Nc3 Nf6 4. Nf3 Bf5 5. cxd5 Nxd5 6. Qb3 Nb6 7. e3 e6 8. Be2
Be7 9. O-O O-O 10. Bd2 c5 11. a4 a5 12. Nb5 Nc6 13. Bc3 Nd5 14. dxc5 Bxc5 15.
Nbd4 Nxc3 16. bxc3 Bxd4 17. Nxd4 Nxd4 18. cxd4 Be4 19. Rac1 Rc8 20. Bc4 Qd7 21.
Rc3 Bc6 22. Ra1 Rc7 23. Bb5 Rfc8 24. Bxc6 Rxc6 25. Rac1 g6 26. Rc5 b6 27. Rxc6
Rxc6 28. Rb1 Qc7 29. g3 Rc1+ 30. Rxc1 Qxc1+ 31. Kg2 Qc6+ 32. Kg1 Qd6 33. Qb5
Kf8 34. Kf1 Ke7 35. Qg5+ Kf8 36. Qb5 h5 37. h4 Ke7 38. Ke2 Kd8 39. Kd3 Qa3+ 40.
Ke4 Qd6 41. Kd3 Qc7 42. e4 Ke7 43. Qg5+ Ke8 44. Qb5+ Ke7 45. Qg5+ Ke8 46. Qb5+
Ke7 47. f4 Qd6 48. d5 Qa3+ 49. Kd4 Qxg3 50. d6+ Kf8 51. Qd7 Qf2+ 52. Kd3 Qf3+
53. Kc4 Qe2+ 54. Kd4 Qd2+ 55. Kc4 Qe2+ 56. Kd4 1/2-1/2

[Event "Ä15Ï"]
[Site "Loo"]
[Date "2017.04.22"]
[Round "3.5"]
[White "Èâàíîâà, Ìàðèÿ."]
[Black "Íàñûáóëëèíà, Äàÿíà."]
[Result "0-1"]
[WhiteElo "1328"]
[BlackElo "1786"]
[PlyCount "140"]
[EventDate "2017.04.20"]

1. e4 e6 2. d4 d5 3. exd5 exd5 4. Nc3 c6 5. Bf4 Bd6 6. Qd2 Nf6 7. O-O-O O-O 8.
Nf3 Bf5 9. Bg5 h6 10. Bh4 Qc7 11. Bg3 Nbd7 12. Bd3 Ne4 13. Bxd6 Qxd6 14. Qe1
Rfe8 15. Bxe4 dxe4 16. Nd2 b5 17. a3 a5 18. Qe3 Nf6 19. h3 b4 20. Ncb1 Nd5 21.
Qb3 Nf4 22. Nc4 Qd5 23. Ne3 Qd7 24. Nxf5 Qxf5 25. g4 Qg5 26. Rd2 Nd5 27. Re1 e3
28. fxe3 Rxe3 29. Rxe3 Nxe3 30. axb4 Nf1 31. bxa5 Nxd2 32. Nxd2 Rxa5 33. Qb8+
Kh7 34. c3 Ra1+ 35. Kc2 Qg6+ 36. Kb3 Qd3 37. Qf4 Qb5+ 38. Kc2 Qb7 39. h4 Re1
40. h5 Qe7 41. Qf5+ g6 42. hxg6+ fxg6 43. Qf3 Re6 44. Qf4 Rf6 45. Qh2 Rf7 46.
Qg2 Qe6 47. Qg3 h5 48. gxh5 gxh5 49. Qh2 Qg6+ 50. Kc1 Qh6 51. Qg2 Re7 52. Qf2
Qg6 53. Qh4 Rf7 54. Ne4 Rf1+ 55. Kc2 Rf7 56. Kc1 Kh6 57. Nd2 Qg4 58. Qe1 h4 59.
Qe5 Qg5 60. Qe6+ Rf6 61. Qh3 Kh5 62. Qh2 Qe3 63. Qc7 h3 64. Qh7+ Qh6 65. Qd7
Rf1+ 66. Kc2 Qg6+ 67. Kb3 Qf7+ 68. Qxf7+ Rxf7 69. Ne4 h2 70. Kc4 Rf3 0-1

[Event "Ä15Ï"]
[Site "Loo"]
[Date "2017.04.22"]
[Round "3.6"]
[White "Ëûñîêîíü, Ïîëèíà."]
[Black "Òóêàåâà, Àèäà."]
[Result "1-0"]
[WhiteElo "1610"]
[BlackElo "1852"]
[PlyCount "145"]
[EventDate "2017.04.20"]

1. d4 Nf6 2. Nc3 d5 3. Bf4 a6 4. e3 e6 5. f3 Bb4 6. Bd3 c5 7. a3 Bxc3+ 8. bxc3
c4 9. Be2 Nbd7 10. Nh3 Qa5 11. Qd2 O-O 12. O-O b5 13. Nf2 Bb7 14. g4 Rfe8 15.
g5 Nh5 16. Bd6 g6 17. f4 Ng7 18. Ng4 Nf5 19. Be5 Nxe5 20. Nf6+ Kg7 21. Nxe8+
Rxe8 22. fxe5 Qd8 23. e4 dxe4 24. Qf4 Qa5 25. Qd2 Rd8 26. Qe1 Rd7 27. Bg4 Qd8
28. h4 h5 29. Bxf5 exf5 30. a4 Qb6 31. axb5 axb5 32. Qf2 Qc6 33. Qe3 Qb6 34.
Rfb1 Rd5 35. Kf2 Rd8 36. Rb4 Bc6 37. Qe2 Qc7 38. Qe3 Qd7 39. Rb2 Qb7 40. Rba2
Qe7 41. Ra7 Rd7 42. R7a6 Rc7 43. Rb6 Qd7 44. Rba6 Qd5 45. Kg3 Qd7 46. Rd1 Ra7
47. Rxa7 Qxa7 48. Kf4 Bd5 49. Qc1 Qb6 50. Qa3 Qc6 51. Qc5 Qb7 52. Ra1 e3 53.
Qa7 Qc6 54. Qa6 e2 55. Qxc6 Bxc6 56. Ke3 e1=Q+ 57. Rxe1 Kf8 58. Kd2 Ke7 59. Kc1
Ke6 60. Kb2 f4 61. Ka3 f3 62. Rf1 Kf5 63. Kb4 Kg4 64. Kc5 Bd7 65. d5 Kxh4 66.
Rxf3 Be8 67. d6 Kxg5 68. Rxf7 h4 69. Re7 h3 70. Rxe8 Kg4 71. d7 h2 72. Rh8 Kg3
73. d8=Q 1-0

[Event "Ä15Ï"]
[Site "Loo"]
[Date "2017.04.22"]
[Round "3.7"]
[White "Ñåëåçíåâà, Åêàòåðèíà."]
[Black "Àíäðååâà, Àíàñòàñèÿ."]
[Result "1/2-1/2"]
[WhiteElo "1845"]
[BlackElo "1565"]
[PlyCount "146"]
[EventDate "2017.04.20"]

1. e4 e6 2. d4 d5 3. Bd3 Nf6 4. e5 Nfd7 5. Nf3 c5 6. c3 Nc6 7. O-O cxd4 8. cxd4
Nb4 9. Be2 Be7 10. Nc3 a6 11. a3 Nc6 12. Qd3 Na5 13. Bd1 Qb6 14. Bf4 Nc4 15.
Rb1 Qd8 16. Bc2 Ndb6 17. Rfe1 Bd7 18. Bc1 a5 19. Qd1 Rc8 20. h3 Nxa3 21. bxa3
Rxc3 22. Bb2 Rc8 23. Nd2 Nc4 24. Nxc4 Rxc4 25. Bd3 Rc8 26. Qg4 g6 27. Re3 h5
28. Qg3 Bh4 29. Qf3 Bg5 30. Rf1 Ba4 31. g3 Qd7 32. Re2 Bb5 33. h4 Bxd3 34. Qxd3
Bh6 35. Bc3 Qa4 36. Rb1 O-O 37. Bd2 Qc2 38. Qxc2 Rxc2 39. Bxh6 Rxe2 40. Bxf8
Kxf8 41. Rxb7 Ra2 42. Rb8+ Kg7 43. Kg2 Rxa3 44. Ra8 Rd3 45. Rxa5 Rxd4 46. f4
Rd3 47. Ra7 Rc3 48. Kf2 Rb3 49. Rc7 Rd3 50. Ra7 Rc3 51. Rb7 Rc8 52. Rb3 Rc7 53.
Ke3 Kf8 54. Kd3 Ra7 55. Kd4 Ke7 56. Ke3 Rc7 57. Kd3 Ra7 58. Ke3 Kf8 59. Rb8+
Kg7 60. Rb3 Ra4 61. Kf3 Rd4 62. Ke3 Re4+ 63. Kf3 Re1 64. Kf2 Re4 65. Kf3 Rc4
66. Ke3 d4+ 67. Ke4 Rc3 68. Rxc3 dxc3 69. Kd3 c2 70. Kxc2 Kf8 71. Kc3 Ke7 72.
Kc4 Kd7 73. Kb5 Kc8 1/2-1/2

[Event "Ä15Ï"]
[Site "Loo"]
[Date "2017.04.22"]
[Round "3.8"]
[White "Êóäðÿâöåâà, Ìàðèÿ."]
[Black "Øàðèêîâà, Àðèíà."]
[Result "1-0"]
[WhiteElo "1758"]
[BlackElo "1560"]
[PlyCount "85"]
[EventDate "2017.04.20"]

1. d4 Nf6 2. c4 e6 3. Nd2 Bb4 4. a3 Bxd2+ 5. Bxd2 b6 6. Nf3 O-O 7. e3 Bb7 8.
Bd3 c5 9. O-O cxd4 10. Nxd4 d5 11. Qe2 Nc6 12. Nxc6 Bxc6 13. Rac1 Rc8 14. c5
bxc5 15. Rxc5 Ba8 16. Bb4 Re8 17. Rfc1 Rxc5 18. Rxc5 Qb6 19. Qc2 Qb7 20. f3 Qb8
21. Bb5 Rd8 22. Ba5 Rf8 23. Bc7 Qb7 24. Bd6 Rd8 25. Bc6 Qb6 26. Be7 Rc8 27.
Bxa8 Rxc5 28. Qxc5 Qb8 29. Qc6 h6 30. Bxf6 gxf6 31. Bb7 Kg7 32. f4 Qd8 33. Qc3
Qb6 34. Bc6 a5 35. Ba4 Qb7 36. Bc2 Qb6 37. b3 Qb5 38. Kf2 Qb6 39. Qd3 Qc5 40.
a4 Qb4 41. Ke2 f5 42. Qd4+ Qxd4 43. exd4 1-0

[Event "Ä15Ï"]
[Site "Loo"]
[Date "2017.04.22"]
[Round "3.9"]
[White "Ñóðêîâà, Åêàòåðèíà."]
[Black "Ñàôðîíîâà, Àëåêñàíäðà."]
[Result "0-1"]
[WhiteElo "1428"]
[BlackElo "1749"]
[PlyCount "66"]
[EventDate "2017.04.20"]

1. e4 c5 2. Nc3 Nc6 3. g3 g6 4. Bg2 Bg7 5. f4 e6 6. Nf3 d6 7. O-O Nge7 8. d3
O-O 9. Be3 Nd4 10. Qd2 Rb8 11. Nd1 b5 12. c3 Nxf3+ 13. Bxf3 b4 14. cxb4 Rxb4
15. Nc3 Ba6 16. Rfd1 Qb6 17. Rab1 Rb8 18. b3 Nc6 19. e5 Nd4 20. Bxd4 Rxd4 21.
Qe3 dxe5 22. fxe5 Bxd3 23. Na4 Rxa4 24. Rxd3 Rxa2 25. Rc3 c4 26. Qxb6 Rxb6 27.
Rxc4 Bxe5 28. b4 a5 29. b5 a4 30. Bd1 a3 31. Ra4 Bd6 32. Ra6 Bc5+ 33. Kh1 Rb2
0-1